Broadcasting and telecasting of Parliamentary proceedings (Record no. 490862)

000 -LEADER
fixed length control field 00357cam a22001097a 4500
008 - FIXED-LENGTH DATA ELEMENTS--GENERAL INFORMATION
fixed length control field 180718b1985 xxu||||| |||| 00| 0 eng d
082 ## - DEWEY DECIMAL CLASSIFICATION NUMBER
Classification number G29x54 In2
245 ## - TITLE STATEMENT
Title Broadcasting and telecasting of Parliamentary proceedings
Statement of responsibility, etc. by Lok Sabha Secretariat
260 ## - PUBLICATION, DISTRIBUTION, ETC.
Place of publication, distribution, etc. New Delhi
Name of publisher, distributor, etc. Lok Sabha Secretariat
Date of publication, distribution, etc. 1985
300 ## - PHYSICAL DESCRIPTION
Extent 33+p
700 ## - ADDED ENTRY--PERSONAL NAME
Personal name India. Lok Sabha Secretariat
Holdings
Withdrawn status Lost status Damaged status Not for loan Permanent Location Current Location Date acquired Full call number Barcode Date last seen Price effective from Koha item type
        Indian Institute of Public Administration Indian Institute of Public Administration 2018-08-04 G29x54 In2 GG20103 2018-08-04 2018-08-04 GG

Powered by Koha